| 000 | 00730nam a2200253Ia 4500 | ||
|---|---|---|---|
| 003 | OSt | ||
| 005 | 20220926021053.0 | ||
| 006 | a|||||r|||| 00| 0 | ||
| 007 | ta | ||
| 008 | 220923b |||||||| |||| 00| 0 eng d | ||
| 037 | _cGeneral Book | ||
| 040 |
_aRTL _cRTL _beng |
||
| 041 |
_2eng _aeng |
||
| 082 | _aX:87, H7 | ||
| 110 |
_aAmerican Management Association _9315304 |
||
| 245 | 0 | _aHow to prepare and maintain a supervisors' policy | |
| 260 |
_aNew York _bThe Author USA _c1947 |
||
| 300 |
_a71p. _ccm. |
||
| 490 | _aIts, research report series. 11 | ||
| 650 |
_aExecutive _9233834 |
||
| 700 |
_aAmerican Management Association _9315305 |
||
| 942 |
_hX:87, H7 _cGB _2CC |
||
| 999 |
_c635678 _d635678 |
||